000 00326nam a22001457a 4500
008 221028b ||||| |||| 00| 0 eng d
020 _a9780323080248
041 _aeng
080 _2FIFTH EDITION
_a610
082 _a610BUR
100 _a8
101 _aINF
245 _aPEDIATRIC PRIMARY CARE
_cBURNS C
942 _2udc
_cBK
999 _c58681
_d58681